000 00997nam a2200265Ia 4500
003 OSt
005 20220923211358.0
006 a|||||r|||| 00| 0
007 ta
008 220922b |||||||| |||| 00| 0 hin d
020 _a9788188681471 (hbk)
_c1650
024 _a289,277
037 _b1335, 11/03/2016, Kiran Book Service
_cTextual
040 _aARTS
_cARTS
_bhin
041 _2hin
_ahin
082 _aw1,N, 152Q3
100 _aअरूण; हेमन्त, संपा.
245 0 _aविश्व के प्रमुख इतिहास - निर्माता
246 _aVishva ke pramukh itihās - nirmātā
260 _aमेरठ
_b शलभ पब्लिशिंग हाउस
_c2013
300 _a524पृ.
_ccm.
650 _aहिन्दी साहित्य
_9156264
942 _hw1,N, 152Q3
_cTEXL
_2CC
999 _c298927
_d298927